=LDR 00000nam 2200000 4500 =001 INLIS000000000049299 =005 20170208094846.0 =006 =007 =008 =035 ##$$0010-021700000000091 =040 ##$$a NBPDMAT =082 ##$$a 352 =090 ##$$a 352 Set p =100 ##$$a Setiawan =245 ##$$a Peraturan undang - undang daerah sebagai alat kontrol kemajuan saerah / $c Setiawan =260 ##$$a Solo : $b Aryhaeko Sinergi persada, $c 2014 =300 ##$$a 11, 116 hlm . ; $c 21 cm =500 ##$$a Bibliografi : hlm .116 =650 ##$$a Peraturan Daerah